Přijdou další epidemie?

Hrozba vírusových a bakteriálnych infekčných chorôb. Súčasná pandémia COVID-19 a jej aktuálny vývoj. Teória epidemiologického prechodu.

Guardado en:
Detalles Bibliográficos
Autor principal: Hulíková Tesárková, Klára
Otros Autores: Vondrášek, Martin, Březinová, Markéta
Formato: Capítulo de libro
Lenguaje:checo
Materias:
Etiquetas: Agregar Etiqueta
Sin Etiquetas, Sea el primero en etiquetar este registro!

MARC

LEADER 00000naa a2200000 4500
001 0280510
005 20240417075149.4
041 0 |a cze 
044 |a CZ 
245 1 0 |a Přijdou další epidemie?  |c Klára Hulíková Tesárková, Martin Vondrášek, Markéta Březinová 
520 |a Hrozba vírusových a bakteriálnych infekčných chorôb. Súčasná pandémia COVID-19 a jej aktuálny vývoj. Teória epidemiologického prechodu. 
610 2 0 |a epidémia 
610 2 0 |a pandémia 
610 2 0 |a koronavírus 
610 2 0 |a vírusy 
610 2 0 |a zdravotníctvo 
610 2 0 |a úmrtnosť 
100 1 |a Hulíková Tesárková, Klára 
700 1 |a Vondrášek, Martin 
700 1 |a Březinová, Markéta